|
|
|
|
| LEADER |
01998nam a2200529 i 4500 |
| 001 |
nkc20203260973 |
| 003 |
CZ PrNK |
| 005 |
20210504070608.0 |
| 007 |
ta |
| 008 |
201029s2020 xr a e 000 0 slo |
| 015 |
|
|
|a cnb003260973
|
| 020 |
|
|
|a 978-80-7598-871-3
|q (vázáno)
|
| 035 |
|
|
|a (OCoLC)1245647880
|
| 040 |
|
|
|a OLA001
|b cze
|e rda
|
| 041 |
0 |
|
|a slo
|b eng
|b slo
|
| 043 |
|
|
|a e-xo---
|
| 072 |
|
7 |
|a 339.7/.9
|x Světová ekonomika a mezinárodní finance
|2 Konspekt
|9 4
|
| 080 |
|
|
|a 339.727.22
|2 MRF
|
| 080 |
|
|
|a 658.14/.17
|2 MRF
|
| 080 |
|
|
|a (437.6)
|2 MRF
|
| 080 |
|
|
|a (048.8)
|2 MRF
|
| 100 |
1 |
|
|a Fabuš, Michal
|7 ola20211104605
|4 aut
|
| 245 |
1 |
0 |
|a Manažment priamych zahraničných investícií a ich vplyv na ekonomiku Slovenskej republiky /
|c Michal Fabuš
|
| 250 |
|
|
|a Prvé vydanie
|
| 264 |
|
1 |
|a Praha :
|b Wolters Kluwer,
|c 2020
|
| 300 |
|
|
|a 72 stran :
|b barevné ilustrace ;
|c 25 cm
|
| 336 |
|
|
|a text
|b txt
|2 rdacontent
|
| 337 |
|
|
|a bez média
|b n
|2 rdamedia
|
| 338 |
|
|
|a svazek
|b nc
|2 rdacarrier
|
| 500 |
|
|
|a Nad názvem: Vysoká škola ekonómie a manažmentu verejnej správy v Bratislave
|
| 500 |
|
|
|a 200 výtisků
|
| 504 |
|
|
|a Obsahuje bibliografii a bibliografické odkazy
|
| 546 |
|
|
|a Slovenské a anglické resumé
|
| 650 |
0 |
7 |
|a zahraniční přímé investice
|7 ph116732
|2 czenas
|
| 650 |
0 |
7 |
|a zahraniční přímé investice
|7 ph116732
|z Slovensko
|2 czenas
|
| 650 |
0 |
7 |
|a finanční management
|7 ph114551
|2 czenas
|
| 650 |
0 |
9 |
|a foreign direct investments
|2 eczenas
|
| 650 |
0 |
9 |
|a foreign direct investments
|z Slovakia
|2 eczenas
|
| 650 |
0 |
9 |
|a financial management
|2 eczenas
|
| 655 |
|
7 |
|a monografie
|7 fd132842
|2 czenas
|
| 655 |
|
9 |
|a monographs
|2 eczenas
|
| 710 |
2 |
|
|a Vysoká škola ekonómie a manažmentu verejnej správy v Bratislave
|7 mzk2009508106
|4 isb
|
| 910 |
2 |
|
|a BOA001
|b 2-1461.142
|
| 990 |
|
|
|a BK
|
| 995 |
|
|
|a 01
|
| 991 |
|
|
|b 202105
|c NOV
|
| 996 |
6 |
|
|b 2610856276
|c 2-1461.142
|l MZK
|r Sklad / do 1 hodiny
|n 0
|p p.v.
|w 001842709
|u 000010
|a 1
|e BOA001
|j MZK50
|s P
|